|
|
|
|
| LEADER |
00000nab a2200000 a 4500 |
| 001 |
vtls000829776 |
| 003 |
SK-MaSNL |
| 005 |
20260304115830.0 |
| 008 |
250429c2003 xo 0 slo |
| 015 |
|
|
|a SNBRB2003/03-09668
|
| 035 |
|
|
|a CLN000181431
|
| 035 |
|
|
|a urn:nbn:sk:snk-ab23yn
|
| 035 |
|
|
|a (urnnbn)urn:nbn:sk:snk:ar-a01kgb
|
| 035 |
|
|
|a (uuid)bd4a2b26-1c85-4d98-b9ac-b53e4d1ac93c
|
| 040 |
|
|
|a SNKBUCL
|b slo
|c SNKBUCL
|e AACR2
|
| 041 |
0 |
|
|a slo
|
| 044 |
|
|
|a xo
|c SK
|
| 080 |
|
|
|a 336.71(439)
|2 1997
|
| 100 |
1 |
|
|a Nováková, Jana
|4 aut
|9 453368
|
| 245 |
1 |
0 |
|a Reštrukturalizácia bankového sektora v Maďarsku
|c Jana Nováková
|
| 300 |
|
|
|b Graf
|
| 650 |
0 |
7 |
|a bankovníctvo
|x reštrukturalizácia
|z Maďarsko
|2 snkbucl
|9 1422835
|
| 655 |
|
7 |
|a články z novín a časopisov
|2 snkbucl
|9 267496
|
| 773 |
0 |
|
|t Biatec
|g Roč. 11, č. 3 (2003), s. 24-27
|x 1335-0900
|
| 850 |
|
|
|a Slovenská národná knižnica
|
| 852 |
|
|
|a Slovenská národná knižnica
|
| 954 |
|
|
|a odborná, vedecká literatúra pôvodná (slovenská)
|2 lita
|
| 958 |
|
|
|a article2022
|
| 958 |
|
|
|a HU
|
| 958 |
|
|
|a OND
|
| 958 |
|
|
|a EUIPO
|
| 992 |
|
|
|a RBX
|
| 999 |
|
|
|c 2877765
|d 2879695
|